|
|
|
|
| LEADER |
01350cam a2200349Ia 4500 |
| 001 |
9780203027554 |
| 003 |
FlBoTFG |
| 005 |
20091230162920.0 |
| 006 |
a|||||s||||||||||| |
| 007 |
cr|||| |
| 008 |
971016s1998 enk sb 001 0beng d |
| 020 |
|
|
|a 9780203027554 (e-book : PDF)
|
| 040 |
|
|
|a FlBoTFG
|c FlBoTFG
|d GrThAP
|
| 043 |
|
|
|a e------
|a ff-----
|a aw-----
|
| 090 |
|
|
|a DG315
|b .C65 1998
|
| 092 |
|
|
|a 937.08092
|b C758
|
| 245 |
0 |
0 |
|a Constantine
|h [electronic resource] :
|b history, historiography, and legend /
|c edited by Samuel N.C. Lieu and Dominic Montserrat.
|
| 260 |
|
|
|a London ;
|a New York :
|b Routledge,
|c 1998.
|
| 300 |
|
|
|a xix, 238 p.
|
| 504 |
|
|
|a Includes bibliographical references (p. 207-230) and indexes.
|
| 530 |
|
|
|a Also available in print edition.
|b CRC Press (http://www.crcpress.com)
|
| 538 |
|
|
|a Mode of access: World Wide Web.
|
| 600 |
0 |
0 |
|a Constantine
|b I,
|c Emperor of Rome,
|d d. 337.
|
| 650 |
|
0 |
|a Emperors
|z Rome
|v Biography.
|
| 650 |
|
0 |
|a Religion and state
|z Rome
|x History.
|
| 650 |
|
0 |
|a Legends, Christian
|z Rome.
|
| 651 |
|
0 |
|a Rome
|x History
|y Constantine I, the Great, 306-337
|x Historiography.
|
| 655 |
|
7 |
|a Electronic books.
|2 lcsh
|
| 700 |
1 |
|
|a Lieu, Samuel N. C.
|
| 700 |
1 |
|
|a Montserrat, Dominic,
|d 1964-
|
| 776 |
1 |
|
|z 9780415107471
|
| 856 |
4 |
0 |
|u http://www.tandfebooks.com/isbn/9780203027554
|z Full Text via HEAL-Link
|